000132796 001__ 132796
000132796 005__ 20210118122012.0
000132796 010__ $$a
000132796 020__ $$a978-3-407-34205-8
000132796 020__ $$a9783407290748 (electronic)
000132796 0247_ $$2GVK$$aGVK:615967108
000132796 0247_ $$2DE-101$$a(DE-101)998910945
000132796 037__ $$aERESRWTH-2021-00003
000132796 041__ $$aGerman
000132796 082__ $$a370
000132796 1001_ $$0P:(DE-HGF)0$$aMecheril, Paul$$b0
000132796 245__ $$aDie Sprache(n) der Migrationsgesellschaft (S. 99-120)
000132796 260__ $$aWeinheim$$bBeltz Verlag$$c[2010]
000132796 29510 $$a[Print] Migrationspädagogik / Mecheril, Paul ; Castro Varela, María do Mar ; Dirim, İnci ; Kalpaka, Annita ; Melter, Claus , Weinheim : Beltz Verlag, [2010],
000132796 300__ $$a192 Seiten
000132796 3367_ $$2ORCID$$aBOOK_CHAPTER
000132796 3367_ $$07$$2EndNote$$aBook Section
000132796 3367_ $$2DRIVER$$abookPart
000132796 3367_ $$2BibTeX$$aINBOOK
000132796 3367_ $$2DataCite$$aOutput Types/Book chapter
000132796 3367_ $$0PUB:(DE-HGF)7$$2PUB:(DE-HGF)$$aContribution to a book$$bcontb$$mcontb$$s1610968794_4417
000132796 4900_ $$aBachelor, Master
000132796 500__ $$aLiteraturangaben; German
000132796 588__ $$aDataset connected to GVK
000132796 650_7 $$0(DE-588)4122851-0$$2gnd$$aAusländerpädagogik
000132796 650_7 $$0(DE-588)7544915-8$$2gnd$$aMigrationshintergrund
000132796 650_7 $$0(DE-588)4123440-6$$2gnd$$aInterkulturelle Erziehung
000132796 7001_ $$0P:(DE-HGF)0$$aCastro Varela, María do Mar$$b1
000132796 7001_ $$0P:(DE-HGF)0$$aDirim, İnci$$b2
000132796 7001_ $$0P:(DE-HGF)0$$aKalpaka, Annita$$b3
000132796 7001_ $$0P:(DE-HGF)0$$aMelter, Claus$$b4
000132796 8564_ $$uhttps://reserves.ub.rwth-aachen.de/record/132796/files/ERESRWTH-2021-00003.pdf$$yRestricted
000132796 8564_ $$uhttps://reserves.ub.rwth-aachen.de/record/132796/files/ERESRWTH-2021-00003.gif?subformat=icon$$xicon$$yRestricted
000132796 8564_ $$uhttps://reserves.ub.rwth-aachen.de/record/132796/files/ERESRWTH-2021-00003.jpg?subformat=icon-1440$$xicon-1440$$yRestricted
000132796 8564_ $$uhttps://reserves.ub.rwth-aachen.de/record/132796/files/ERESRWTH-2021-00003.jpg?subformat=icon-180$$xicon-180$$yRestricted
000132796 8564_ $$uhttps://reserves.ub.rwth-aachen.de/record/132796/files/ERESRWTH-2021-00003.jpg?subformat=icon-640$$xicon-640$$yRestricted
000132796 909CO $$ooai:reserves.ub.rwth-aachen.de:132796$$pVDB
000132796 9151_ $$0StatID:(DE-HGF)2100$$2StatID$$aDigitalisierungsanfrage / Digitization request$$x0
000132796 9201_ $$0I:(DE-RON)20ws-73.53002$$k20ws-73.53002$$lSeminar Erziehungswissenschaft (Differenz und Heterogenität in der Schule – Unter besonderer Berücksichtigung von Konzepten zur Migrationsgesellschaft) (SE) [73.53002]$$x0
000132796 961__ $$c2021-01-18T12:20:05.862402$$i2021-01-07T11:11:30.296529$$x2021-01-07T11:11:30.296529$$z2021-01-18T12:20:05.862402
000132796 980__ $$acontb
000132796 980__ $$aVDB
000132796 980__ $$aI:(DE-RON)20ws-73.53002
000132796 980__ $$aUNRESTRICTED